• 首页
  • 本馆介绍
  • 公告通知
  • 最新文献
  • 馆藏检索
  • 电子资源
  • 读者荐购
  • 参考咨询
  • CALIS
  • 我的图书馆
  • 登录
  • 详细信息显示
  • 放入我的书架
  • 预约/预借图书
  • 作者相关作品
  • 分类相关作品
  • 丛书相关作品
  • 出版社相关作品

书目信息

  • 表格格式
  • 工作单格式
  • 卡片格式
题名:
大学物理学习辅导与大作业
    
 
作者: 王艺 主编
分册:  
出版信息: 苏州   苏州大学出版社  2010.02
页数: 246页
开本: 26cm
丛书名:
单 册:
中图分类: O4
科图分类:
主题词: 物理学--wu li xue--高等学校--教学参考资料
电子资源:
ISBN: 978-7-81137-448-3
 
 
 
 
 
000 00776nam0 2200229 450
001 012010077093
005 20101105162523.45
010    @a978-7-81137-448-3@dCNY27.00
100    @a20101105d2010 em y0chiy0120 ea
101 0  @achi
102    @aCN@b320000
105    @aa z 000yy
106    @ar
200 1  @a大学物理学习辅导与大作业@Ada xue wu li xue xi fu dao yu da zuo ye@f王艺主编@Fwang yi zhu bian
210    @a苏州@c苏州大学出版社@d2010.02
215    @a246页@c图@d26cm
330    @a本书主要内容:质点运动学,质点动力学,刚体的定轴运动,真空中的静电场,静电场中的导体与电介质,稳恒电流等等。
606 0  @a物理学@Awu li xue@x高等学校@j教学参考资料
690    @aO4@v4
701  0 @a王艺@Awang yi@4主编
801  0 @aCN@bQSSK@c20101105
905    @b787837-39@dO4@eW443@f3
    
    大学物理学习辅导与大作业/王艺主编.-苏州:苏州大学出版社,2010.02
    246页:图;26cm
    
    
    ISBN 978-7-81137-448-3:CNY27.00
    本书主要内容:质点运动学,质点动力学,刚体的定轴运动,真空中的静电场,静电场中的导体与电介质,稳恒电流等等。
●
相关链接 在E读中查询图书 在当当中查询图书 在豆瓣中查询图书


正题名:大学物理学习辅导与大作业     索取号:O4/W443         预约/预借

序号 登录号 条形码 馆藏地/架位号 状态 备注
1 787837   207878377   自科库401/401自科库 54排6列3层/ [索取号:O4/W443] 在馆    
2 787838   207878386   自科库401/401自科库 54排6列3层/ [索取号:O4/W443] 在馆    
3 787839   207878395   自科库401/401自科库 54排6列3层/ [索取号:O4/W443] 在馆    
河南城建学院图书馆 欢迎您!
大连网信软件有限公司© 版权所有